HTML & CSS: curso práctico avanzado (Registro nro. 10461)
[ vista simple ]
| 000 -CABECERA | |
|---|---|
| campo de control de longitud fija | 00693ntm a22002777a 4500 |
| 005 - FECHA Y HORA DE ACTUALIZACIÓN | |
| campo de control | 20230609163933.0 |
| 008 - LONGITUD FIJA | |
| campo de control de longitud fija | 180315b2016 xxu||||| |||| 00| 0 spa d |
| 020 ## - INTERNATIONAL STANDARD BOOK NUMBER | |
| Número Internacional Estándar del Libro | 9786076225950 |
| 041 ## - IDIOMA | |
| Código de idioma del texto/pista de sonido o título separado | Español |
| 082 ## - CLASIFICACIÓN DECIMAL DEWEY | |
| Número de clasificación | 004.67 L953h |
| 100 ## - AUTOR PERSONAL | |
| Nombre de persona | Luján Mora, Sergio |
| 245 ## - TÍTULO PROPIAMENTE DICHO | |
| Título | HTML & CSS: curso práctico avanzado |
| 260 ## - PIE DE IMPRENTA | |
| Lugar de publicación, distribución, etc. | México |
| 260 ## - PIE DE IMPRENTA | |
| Nombre del editor, distribuidor, etc. | Alfaomega |
| 260 ## - PIE DE IMPRENTA | |
| Fecha de publicación, distribución, etc. | 2016 |
| 300 ## - DESCRIPCIÓN FÍSICA | |
| Extensión | 484 páginas |
| 650 ## - Materia General | |
| Materia general | HTML |
| 650 ## - Materia General | |
| Materia general | SITIO WEB |
| 650 ## - Materia General | |
| Materia general | ESTÁNDARES WEB |
| 650 ## - Materia General | |
| Materia general | ENLACES |
| 650 ## - Materia General | |
| Materia general | LISTAS |
| 650 ## - Materia General | |
| Materia general | TABLAS |
| 650 ## - Materia General | |
| Materia general | FORMULARIOS |
| 650 ## - Materia General | |
| Materia general | TRANSICIONES |
| 942 ## - Punto de Acceso Adicional Koha | |
| Tipo de ítem Koha | Libro |
| Estado perdido | Estado dañado | No para préstamo | Biblioteca permanente | Biblioteca actual | Signatura completa | Código de barras | Precio efectivo a partir del | Tipo de ítem |
|---|---|---|---|---|---|---|---|---|
| Departamento de Biblioteca y Documentación Alfonso Chase Brenes | Departamento de Biblioteca y Documentación Alfonso Chase Brenes | 004.67 L953h | 22892 | 15/03/2018 | Libro | |||
| Departamento de Biblioteca y Documentación Alfonso Chase Brenes | Departamento de Biblioteca y Documentación Alfonso Chase Brenes | 004.67 L953h | 23261 | 22/06/2018 | Libro | |||
| Departamento de Biblioteca y Documentación Alfonso Chase Brenes | Departamento de Biblioteca y Documentación Alfonso Chase Brenes | 004.67 L953h | 23262 | 22/06/2018 | Libro |